LEADER 01226cam0 22003131 450 001 SOBE00059869 005 20181002100054.0 012 $aonhe e.e, o:io Al6. (3) 1792 (R) 100 $a20180706d1792 |||||ita|0103 ba 101 $aita 102 $aIT 200 1 $a<>opere di Q. Orazio Flacco tradotte in rima dal dottor Francesco Borgianell da Monte Lupone fra gli arcadi Itarco 210 $aIn Venezia$cnella Stamperia Tosi$d1792 215 $a680 p.$d8° 300 $aFregio xilografico sul frontespizio 300 $aSegnatura: A-2T? 2V? 620 $dVenezia$9SOBA00017195 700 1$aHoratius Flaccus$b, Quintus$3A600200025955$4070$075513 702 1$aBorgianelli, Francesco$3SOBA00017153$4070 712 02$a*Tosi$3SOBA00017154$4650 801 0$aIT$bBEM$c20181002$gRICA 850 $aBEM 852 $aBEM$jVII.B$m00200 912 $aSOBE00059869 940 $aM 103 Monografia antica SBN 941 $aM 957 $xPagliara|R$aVII.B$b00012$gNO$cPR$d00200$hPagliaraR$rDono$1tcalvano$2BEM$3BEM$420180706082308.0$520180706082345.0$6tcalvano 996 $aOpere di Q. Orazio Flacco tradotte in rima dal dottor Francesco Borgianell da Monte Lupone fra gli arcadi Itarco$91727737 997 $aUNISOB